| 000 | 00451cam a2200181ua 4500 | ||
|---|---|---|---|
| 020 | _c18.00 | ||
| 041 |
_aeng _h |
||
| 082 |
_a604.2 _bSHA/EN |
||
| 100 | _aSharma, R C . | ||
| 245 |
_aEngineering drawing work book vol-1 / _cR C Sharma. _hTextual Documents |
||
| 250 |
_a1 / _b. |
||
| 260 |
_aDelhi : _bA Saurabh and company Pvt Ltd , _c1985. |
||
| 300 | _a78 ; . | ||
| 365 | _a18.00 | ||
| 504 | _a | ||
| 942 | _cBK | ||
| 999 |
_c7226 _d7226 |
||